Vista normal
Vista MARC
Entrada Personal Name
Número de registros utilizados en: 1
001 - CONTROL NUMBER
- control field: 59680
003 - CONTROL NUMBER IDENTIFIER
- control field: Utea
005 - DATE AND TIME OF LATEST TRANSACTION
- control field: 20251007121426.0
008 - FIXED-LENGTH DATA ELEMENTS
- fixed length control field: 251007|| aca||aabn | a|a d
040 ## - CATALOGING SOURCE
- Original cataloging agency: Utea
- Transcribing agency: Utea
100 ## - HEADING--PERSONAL NAME
- Personal name: Figueroa Espitia, Yuirtzi; Enriquez Sanders, Gisela; Vera Serna, Dora Liz y Hernàndez Ramirez, Blanca Estela
670 ## - SOURCE DATA FOUND
- Source citation: Work cat.: (Utea)17436: Martinez Menéndez, Ramiro Director 59677, Odontología pediátrica actual, 2015